Current Development Factors of Production Management and Logistics

Zmapovanie súčasnej situácie ohľadom problematiky rozvojových faktorov v manažmente výroby a logistiky v teórií aj praxi podnikania s dôrazom na viaceré rozvojové činnosti a zmeny, ktoré nastali. Zovšeobecnenie získaných teoretických poznatkov pomocou analýzy výsledkov štúdií z dostupných vedeckých...

Full description

Saved in:
Bibliographic Details
Main Author: Biela, Alexandra
Format: Book Chapter
Language:Slovak
Subjects:
Tags: Add Tag
No Tags, Be the first to tag this record!

MARC

LEADER 00000naa a2200000 4500
001 0280281
005 20240521102017.7
041 0 |a slo 
044 |a PL 
245 1 0 |a Current Development Factors of Production Management and Logistics  |c Alexandra Biela 
520 |a Zmapovanie súčasnej situácie ohľadom problematiky rozvojových faktorov v manažmente výroby a logistiky v teórií aj praxi podnikania s dôrazom na viaceré rozvojové činnosti a zmeny, ktoré nastali. Zovšeobecnenie získaných teoretických poznatkov pomocou analýzy výsledkov štúdií z dostupných vedeckých časopisov a knižnej literatúry, a tým poskytnutie uceleného pohľadu na predmetnú problematiku. 
610 2 0 |a manažment 
610 2 0 |a výroba 
610 2 0 |a logistika 
610 2 0 |a inovácia 
610 2 0 |a priemysel 4.0 
100 1 |a Biela, Alexandra